00474 2200193 4500001002100000005001500021035002000036007000300056008004100059020001500100082000800115084001400123100001300137245002600150250001100176260004700187300003000234990001600264INLIS00000000001390120220728101220 a0010-0722001385ta220728 g 1 ind  a9795411098 a813 a813 DAN a0 aDANARTO,1 aAsmaraloka /cDanarto acet. 1 aJakarta :bPenerbit Pustaka Firdaus,c1999 axi, 247 hlm ;c21 x 14 cm a626 203 471